Usability engineering : scenario-based development of human-computer interaction (Record no. 5399)
[ view plain ]
| 000 -LEADER | |
|---|---|
| fixed length control field | 00809 a2200205 4500 |
| 020 ## - INTERNATIONAL STANDARD BOOK NUMBER | |
| International Standard Book Number | 1558607129 (alk. paper) |
| 040 ## - CATALOGING SOURCE | |
| Original cataloging agency | DLC |
| 082 00 - DEWEY DECIMAL CLASSIFICATION NUMBER | |
| Classification number | 004/.01/9 |
| 100 1# - MAIN ENTRY--PERSONAL NAME | |
| Personal name | Rosson, Mary Beth. |
| 245 10 - TITLE STATEMENT | |
| Title | Usability engineering : scenario-based development of human-computer interaction |
| Statement of responsibility, etc. | Mary Beth Rosson, John M. Carroll. |
| 250 ## - EDITION STATEMENT | |
| Edition statement | 1st ed. |
| 260 ## - PUBLICATION, DISTRIBUTION, ETC. | |
| Place of publication, distribution, etc. | San Fancisco : |
| Name of publisher, distributor, etc. | Academic Press, |
| Date of publication, distribution, etc. | 2002. |
| 300 ## - PHYSICAL DESCRIPTION | |
| Extent | xxi, 422 p. : |
| Other physical details | ill. ; |
| Dimensions | 24 cm. |
| 440 #0 - SERIES STATEMENT/ADDED ENTRY--TITLE | |
| Title | Morgan Kaufmann series in interactive technologies |
| 650 #0 - SUBJECT ADDED ENTRY--TOPICAL TERM | |
| Topical term or geographic name entry element | Human-computer interaction. |
| 700 1# - ADDED ENTRY--PERSONAL NAME | |
| Personal name | Carroll, John M. |
| Dates associated with a name | 1950- |
| 856 42 - ELECTRONIC LOCATION AND ACCESS | |
| Materials specified | Publisher description |
| Uniform Resource Identifier | <a href="http://www.loc.gov/catdir/description/els031/2001090605.html">http://www.loc.gov/catdir/description/els031/2001090605.html</a> |
| 856 42 - ELECTRONIC LOCATION AND ACCESS | |
| Materials specified | Table of contents |
| Uniform Resource Identifier | <a href="http://www.loc.gov/catdir/toc/els031/2001090605.html">http://www.loc.gov/catdir/toc/els031/2001090605.html</a> |
| 942 ## - ADDED ENTRY ELEMENTS (KOHA) | |
| Koha item type | Book |
| Call number prefix | 004.019 ROS |
| Source of classification or shelving scheme | |
| Withdrawn status | Lost status | Damaged status | Not for loan | Collection code | Permanent Location | Current Location | Shelving location | Date acquired | Source of acquisition | Cost, normal purchase price | Total Checkouts | Full call number | Barcode | Date last seen | Date last checked out | Price effective from | Koha item type |
|---|---|---|---|---|---|---|---|---|---|---|---|---|---|---|---|---|---|
| Central Library (CL) | Central Library (CL) | First Floor - Computer Science | 04/17/2002 | Pak Book Corporation | 3086.60 | 1 | 004.019 ROS | SEECS002069 | 07/07/2021 | 01/25/2019 | 01/05/2017 | Book |
